Economic Review (Record no. 6142)

MARC details
000 -LEADER
fixed length control field 00506nas a22002297i 4500
001 - CONTROL NUMBER
control field 6580
003 - CONTROL NUMBER IDENTIFIER
control field OSt
005 - DATE AND TIME OF LATEST TRANSACTION
control field 20181024173933.0
007 - PHYSICAL DESCRIPTION FIXED FIELD--GENERAL INFORMATION
fixed length control field tu
008 - FIXED-LENGTH DATA ELEMENTS--GENERAL INFORMATION
fixed length control field 161220c20049999xxu||||||||||||0| ||eng|d
022 ## - INTERNATIONAL STANDARD SERIAL NUMBER
International Standard Serial Number 1312-420X
024 7# - OTHER STANDARD IDENTIFIER
Standard number or code 6580
Source of number or code RID
024 7# - OTHER STANDARD IDENTIFIER
Standard number or code 6580
Source of number or code RSN (alt)
040 ## - CATALOGING SOURCE
Transcribing agency OSt
041 ## - LANGUAGE CODE
Language code of text/sound track or separate title eng
110 2# - MAIN ENTRY--CORPORATE NAME
Corporate name or jurisdiction name as entry element Bulgarian National Bank
245 00 - TITLE STATEMENT
Title Economic Review
260 ## - PUBLICATION, DISTRIBUTION, ETC.
Place of publication, distribution, etc. Sofia :
Name of publisher, distributor, etc. Bulgarian National Bank.
651 ## - SUBJECT ADDED ENTRY--GEOGRAPHIC NAME
Geographic name Bulgaria
856 ## - ELECTRONIC LOCATION AND ACCESS
Uniform Resource Identifier <a href="http://www.bnb.bg">http://www.bnb.bg</a>
942 ## - ADDED ENTRY ELEMENTS (KOHA)
Koha item type Journal
Holdings
Withdrawn status Lost status Damaged status Not for loan Home library Current library Shelving location Date acquired Serial Enumeration / chronology Inventory number Total Checkouts Barcode Date last seen Price effective from Koha item type
        WIIW WIIW Library 09/01/2004 vierteljÀhrlichj 6580   10002082 01/26/2017 01/26/2017 Journal
The Vienna Instiute for International Economic Studies (wiiw)